000 00525nam a2200181Ia 4500
005 20250326123738.0
008 250326s9999 xx 000 0 und d
037 _aTextbook
040 _aFMSL
_beng
_cFMSL
041 _aeng
_2eng
084 _aL:14(X:8).44 L1
_qFMSL
100 _aSeal S C
_9735977
245 0 _aIntroducation to hospital-patient relationship
_cSeal S C
260 _aCalcutta
_bCalcutta, Nababharat
_c1971
300 _a159p
942 _cTB
_hL:14(X:8).44 L1
999 _c1270777
_d1270777